Nommez les sept océans connus dans le monde - Statistiques

Statistiques générales
  • Ce quiz a été pris 107 fois
  • Le résultat moyen est 2 sur 8
Statistiques - réponses
Hint Réponse % Correct
5 Océan Indien
98%
6 Océan Antarctique
30%
3 Océan Atlantique Nord
16%
4 Océan Atlantique Sud
16%
1 Océan Pacifique Nord
16%
2 Océan Pacifique Sud
16%
6 Océan Austral
9%
7 Océan Austral
9%
Aucun quiz correspondant
Distribution des résultats
% des personnes avec chaque résultat
Percentile par nombre de réponses
Votre historique - résultats
Vous n’avez pas pris ce quiz